| 000 | 00756nam a22002537a 4500 | ||
|---|---|---|---|
| 008 | 131202b xxu||||| |||| 00| 0 eng d | ||
| 020 | _a0-443-04560-7 | ||
| 024 | _cAvailable | ||
| 037 | _cAvailable | ||
| 040 |
_aMBSTU LIBRARY _dMBSTU LIBRARY |
||
| 082 |
_222 _a611 WIG |
||
| 100 | _aWilliam, Peter L. | ||
| 245 | _aGrayis anatomy: the anatomical basis of medicine and surgery. | ||
| 250 | _a38th | ||
| 260 |
_aNew York _bChurchill Livingstone. _c2000 |
||
| 300 |
_a30 cm. _b2090 page _f2 _g30 cm. |
||
| 600 | _2Human anatomy. | ||
| 650 | _2Human anatomy. | ||
| 700 | _aWilliam, Peter L. | ||
| 270 |
_aNew York _bNew York _dUSA |
||
| 365 |
_b4799.00 _d4799.00 |
||
| 942 |
_2ddc _cBK |
||
| 999 |
_c913 _d913 |
||